| 000 | 00807nam a2200205 a 4500 | ||
|---|---|---|---|
| 001 | 000041076 | ||
| 005 | 20201002034611.0 | ||
| 008 | 130917s1992 sp 000 0 spa d | ||
| 020 | _a8400072138 | ||
| 040 |
_aDO-SdBNP _bspa _cBNPHU |
||
| 100 | 1 |
_aBaquero Goyanes, Mariano _921222 |
|
| 245 | 1 | 3 |
_aEl cuento Español : _bDel romanticismo al realismo / _cMariano Baquero Goyanes ; edición revisada por Ana L. Baquero Escudero. |
| 260 |
_aMadrid : _bConsejo Superior de Invesigaciones Científicas, _c1992. |
||
| 300 |
_aXII, 287 p. ; _c25 cm. |
||
| 490 | 1 |
_aBiblioteca de Filología Hispánica ; _v6 |
|
| 504 | _aBibliografía | ||
| 700 | 1 |
_aBaquero Escudero, Ana Luisa _967580 |
|
| 710 | 2 |
_aConsejo Superior de Invesigaciones Científicas _967474 |
|
| 830 | 1 | 0 |
_a: Biblioteca de Filología Hispánica _n6 _967581 |
| 999 |
_c40566 _d40566 |
||